000 01399nam a2200337 i 4500
003 EG-GICUC
005 20260509161324.0
008 260509s1997 ua ||||fr|||| 00| 0 ara d
017 _a1996/5100
020 _a9770302287
040 _a EG-GICUC
_bara
_c EG-GICUC
_d EG-GICUC
_erda
041 _aara
_hara
082 0 4 _221
_a343.3021
_bم ع . ت
092 0 4 _221
099 _aLaw1 10 343.3021 م ع . ت 2 ed - 1997
100 0 _aمعوض عبد التواب
_eمؤلف.
245 1 2 _aالتعليق على نصوص قانون الإجراءات الجنائية :
_bبأحكام النقض من سنة 1931 حتى سنة 1996 وبالتعليمات العامة للنيابة /
_cالمستشار معوض عبد التواب.
250 _aالطبعة الثانية،
_bمزيدة ومنقحة.
264 4 _aالاسكندرية :
_bمنشأة المعارف،
_c1997.
300 _a1600 صفحة ;
_c25 سم.
336 _2rda content
_atext
337 _2rda media
_aComputer
338 _2rda carrier
_aOnline Resource
504 _aيشتمل على إرجاعات ببليوجرافية.
546 _aالنص باللغة العربية
650 1 _aالقانون الجنائي
650 1 _a قانون الإجراءات الجنائية
_xتعليقات
856 4 0 _uhttps://fll.law.cu.edu.eg/fulltext/bks/B10-12233.pdf
905 _a43
942 _2ddc
_n0
_cBK
_e21
999 _c76404
_d76404